000 01593cam a2200337 a 4500
001 5906104
003 CaAEU
005 20250827102741.0
008 120517s2012 maua 001 0 eng
010 _a 2012019634
020 _a9781422187104 (pbk. : alk. paper)
035 _aocn778420944
040 _aDLC
_beng
_cDLC
_dBTCTA
_dBDX
_dYDXCP
_dOCLCO
_dBWX
_dBKL
_dAEU
041 _aEnglish
042 _apcc
049 _aUABA
050 0 0 _aHF5718.22
_b.D817 2012
100 _aDuarte, Nancy
_921707
245 1 0 _aHBR guide to persuasive presentations
_c/ Nancy Duarte.
246 3 _aHarvard Business Review guide to persuasive presentations
246 3 0 _aPersuasive presentations
260 _aBoston, Mass. :
_bHarvard Business Review Press,
_cc2012.
300 _axvii, 229 p. :
_bill. ;
_c23 cm.
490 1 _aHarvard Business review guides
500 _aIncludes index.
520 _aTerrified of speaking in front of a group? Or simply looking to polish your skills? No matter where you are on the spectrum, this guide will give you the confidence and the tools you need to get results. Written by presentation expert Nancy Duarte, the HBR Guide to Persuasive Presentations will help you: Win over tough crowds Organize a coherent narrative - Create powerful messages and visuals - Connect with and engage your audience - Show people why your ideas matter to them mejorar - Strike the right tone, in any situation.
650 0 _aBusiness presentations
_99125
650 0 _aPersuasion (Psychology)
_94289
830 0 _aHarvard Business review guides.
942 _2lcc
999 _c4876
_d4876